Statistics for First 100 Wikidata items

Click here to take the quiz!

General Stats

  • This quiz has been taken 2 times
  • The average score is 25 of 88

Answer Stats

Qitem% Correct
15Africa
100%
48Asia
100%
16Canada
100%
2Earth
100%
46Europe
100%
38Italy
100%
17Japan
100%
65Los Angeles
100%
60New York City
100%
29Spain
100%
30United States
of America
100%
51Antarctica
50%
89apple
50%
97Atlantic Ocean
50%
40Austria
50%
64Berlin
50%
100Boston
50%
68computer
50%
79Egypt
50%
21England
50%
33Finland
50%
23George
Washington
50%
41Greece
50%
75Internet
50%
84London
50%
96Mexico
50%
49North America
50%
26Northern Ireland
50%
20Norway
50%
90Paris
50%
36Poland
50%
45Portugal
50%
27Republic
of Ireland
50%
18South America
50%
34Sweden
50%
39Switzerland
50%
43Turkey
50%
25Wales
50%
61Washington, D. C.
50%
91Abraham Lincoln
0%
67Airbus
0%
88Alexandria
0%
87Alexandria
0%
54All your base are
belong to us
0%
94Android
0%
76Barack Obama
0%
78Basel
0%
44beer
0%
31Belgium
0%
70Bern
0%
66Boeing
0%
74Breighton
0%
85Cairo
0%
99California
0%
81carrot
0%
19cheating
0%
53Club-Mate
0%
69Courrendlin
0%
4death
0%
35Denmark
0%
42Douglas Adams
0%
71Geneva
0%
95Google LLC
0%
8happiness
0%
86headache
0%
5human
0%
28Hungary
0%
73Internet
Relay Chat
0%
24Jack Bauer
0%
3life
0%
37Lithuania
0%
56lolcat
0%
32Luxembourg
0%
83MediaWiki
0%
55Netherlands
0%
57Never Gonna
Give You Up
0%
98Pacific Ocean
0%
58penis
0%
59PHP
0%
82printer
0%
62San Francisco
0%
22Scotland
0%
80Tim Berners-Lee
0%
13triskaide-
kaphobia
0%
1universe
0%
77Uruguay
0%
52Wikipedia
0%
72Zürich
0%

Score Distribution

Percentile by Number Answered

Percent of People with Each Score

Your Score History

You have not taken this quiz